J. R. R. Tolkien (Record no. 2150)

000 -LEADER
fixed length control field 00586nam a22002177a 4500
003 - CONTROL NUMBER IDENTIFIER
control field OSt
005 - DATE AND TIME OF LATEST TRANSACTION
control field 20210414101755.0
008 - FIXED-LENGTH DATA ELEMENTS--GENERAL INFORMATION
fixed length control field 210311s2002 ||||| |||| 00| 0 eng d
020 ## - INTERNATIONAL STANDARD BOOK NUMBER
International Standard Book Number 0007132840
040 ## - CATALOGING SOURCE
Original cataloging agency eng
Language of cataloging eng
Transcribing agency DLC
041 ## - LANGUAGE CODE
Language code of text/sound track or separate title eng
080 ## - UNIVERSAL DECIMAL CLASSIFICATION NUMBER
Universal Decimal Classification number 92
Item number C-25
100 ## - MAIN ENTRY--PERSONAL NAME
9 (RLIN) 1379
Personal name Carpenter, Humphrey
245 ## - TITLE STATEMENT
Title J. R. R. Tolkien
Remainder of title : A Biography
Statement of responsibility, etc. / by: Harper Collins Publishers
260 ## - PUBLICATION, DISTRIBUTION, ETC.
Place of publication, distribution, etc. London
Name of publisher, distributor, etc. Harper Collins Publishers
Date of publication, distribution, etc. 2002
300 ## - PHYSICAL DESCRIPTION
Extent 384 p.
Other physical details ill.
365 ## - TRADE PRICE
Price amount 22.60 usd
650 #0 - SUBJECT ADDED ENTRY--TOPICAL TERM
9 (RLIN) 237
Topical term or geographic name entry element Biography
653 ## - INDEX TERM--UNCONTROLLED
Uncontrolled term ბიოგრაფია
942 ## - ADDED ENTRY ELEMENTS (KOHA)
Source of classification or shelving scheme
Koha item type Books
Holdings
Withdrawn status Lost status Source of classification or shelving scheme Damaged status Not for loan Permanent location Current location Date acquired Inventory number Total Checkouts Full call number Barcode Date last seen Price effective from Koha item type
          Ken Walker International University Ken Walker International University 03/11/2021 1734   92 C-25 1734 03/11/2021 03/11/2021 Books

Powered by Koha